| 000 | 00443nam a22001817a 4500 | ||
|---|---|---|---|
| 003 | CEME | ||
| 005 | 20210628203508.0 | ||
| 008 | 210115b xxu||||| |||| 00| 0 eng d | ||
| 020 | _a9780071475785 | ||
| 040 | _c. | ||
| 082 | _a621.3822 MCC | ||
| 100 |
_aMc Mahon, David _965809 |
||
| 245 | _aSignals systems demystified | ||
| 260 |
_aUSA _bMCGRAW HILL _c2006 |
||
| 300 | _aX, 302P | ||
| 650 |
_aSIGNALS SYSTEMS. _965810 |
||
| 942 |
_cBK _2ddc |
||
| 999 |
_c573914 _d573914 |
||